Wars And Their Stories - Statistics

General Stats
  • This quiz has been taken 19 times
  • The average score is 14 of 30
Answer Stats
Book, Movie, Song, etc. War % Correct
Dr. Strangelove Cold War
82%
All Quiet On The Western Front First World War
82%
Apocalypse Now VietNam War
82%
Come And See Second World War
73%
The Charge Of The Light Brigade Crimean War
64%
A Farewell To Arms First World War
64%
Henry V Hundred Years' War
64%
M*A*S*H Korean War
64%
Slaughterhouse Five Second World War
64%
The Iliad / The Odyssey Trojan War
64%
The Killing Fields Cambodian Civil War
55%
The Empire Strikes Back Galactic Rebellion
55%
Blackhawk Down Somali Civil War
55%
300 Greco-Persian Wars
45%
War And Peace Napoleonic Wars
45%
Three Kings (1999) Persian Gulf War
45%
For Whom The Bell Tolls Spanish Civil War
45%
The Red Badge Of Courage U.S. Civil War
45%
Breaker Morant Second Boer War
36%
The Last Of The Mohicans French And Indian War (Seven Years' War)
27%
Battleship Potemkin Russian Revolution of 1905
27%
Rambo 3 Soviet-Afghan War
27%
Kingdom Of Heaven The Crusades
27%
Red Dawn Third World War
27%
"The Star Spangled Banner" War of 1812
27%
Le petit soldat Algerian War
18%
Behind Enemy Lines Bosnian War
18%
The Men Who Stare At Goats Iraq War
18%
The Four Feathers Anglo-Sudan War
9%
My Brother Sam Is Dead U.S. War Of Independence
9%
No matching quizzes found
Score Distribution
Percent of People with Each Score
Percentile by Number Answered
Your Score History
You have not taken this quiz